Czy potrafisz rozpoznać z jakiego kraju pochodzi ta linia lotnicza? - Statystyki

Ogólne statystyki
  • Ten quiz został rozwiązany 11 razy
  • Średni wynik to 15 z 20
Statystyki odpowiedzi
Obrazkowy Odpowiedź % Poprawnych
Polska
100%
Stany Zjednoczone
100%
Tajlandia
100%
Wielka Brytania
100%
Zjednoczone Emiraty Arabskie
100%
Australia
89%
Irlandia
89%
Łotwa
89%
Brazylia
78%
Hiszpania
78%
Niemcy
78%
Węgry
78%
Egipt
67%
Japonia
67%
Kazachstan
67%
Turcja
56%
Ukraina
56%
Wietnam
56%
Grecja
44%
Chile
22%
Nie znaleziono quizów pasujących do podanych kryteriów
Rozkład punktacji
Procent ludzi z każdym wynikiem
Percentyl według liczby udzielonych odpowiedzi
Twoja historia wyników
Nie rozwiązałeś tego quizu